Vymezení podílu VÚROM při zpracování generálního schématu rozmísťování výrobních sil v ČSSR a využití teorie ÚVK v plánovací praxi realizační výstup č. 1. SPEV 901 311 502/03

Saved in:
Bibliographic Details
Main Author: Horáková, Jarmila
Other Authors: Clebovská, Marta
Format: Book
Language:Czech
Published: Ostrava Výzkumný ústav rozv. obl. a měst 1986
Edition:1. vyd.
Tags: Add Tag
No Tags, Be the first to tag this record!

MARC

LEADER 00000nam a2200000 4500
001 c031239
005 20221220073303.2
041 0 |a cze 
044 |a CZ 
245 1 0 |a Vymezení podílu VÚROM při zpracování generálního schématu rozmísťování výrobních sil v ČSSR a využití teorie ÚVK v plánovací praxi  |b realizační výstup č. 1. SPEV 901 311 502/03  |c Jarmila Horáková, Marta Clebovská 
250 |a 1. vyd. 
264 1 |a Ostrava  |b Výzkumný ústav rozv. obl. a měst  |c 1986 
300 |a 21 s. 
100 1 |a Horáková, Jarmila 
700 1 |a Clebovská, Marta